000 00292nam a22001337a 4500
008 181022b xxu||||| |||| 00| 0 eng d
020 _a9780521702409
041 _aeng
080 _a341
100 _a15
101 _aJUR
245 _aJustice Across Borders
_cDavis.J
942 _2udc
_cBK
999 _c50408
_d50408